000
00233 a2200097 4500
001
18063
100
_a
Greer, A & Howell, W H
245
_a
Mechanical Engg Craft studies Part I
260
_a
_b
Edward Arnold
_c
090
_c
13357
_d
13357
942
_a
NUST-CAE
_c
M
_c
3733
999
_c
253136
_d
253136